000 00490nam a2200145Ia 4500
008 100204s9999 xx 000 0 und d
082 _b12968
100 _aखरे सुरेश
245 _aकुणीतरी आहे तीथे
260 _b"प्रज्ञा प्रकाशन , मुंबई"
_c1989
300 _a74
630 _aकुणीतरी आहे तीथे
730 _aकुणीतरी आहे तीथे
942 _cBOOK
999 _c457400
_d457397